000 00334nam a22001457a 4500
008 230720b ||||| |||| 00| 0 eng d
020 _a978052008896
041 _aeng
080 _a61
082 _a61GOO
100 _a4
101 _aMJP
245 _aAMERICAN MEDICINE THE QUEST FOR COMPETENCE
_cGGOD .D. J .M
942 _2udc
_cBK
999 _c60188
_d60188